Dynamics in chains and networks : proceedings of the sixth International Conference on Chain and Network Management in Agribusiness and the Food Industry (Ede, 27-28 May 2004)
Αποθηκεύτηκε σε:
| Συλλογικό Έργο: | , |
|---|---|
| Άλλοι συγγραφείς: | |
| Μορφή: | Πρακτικό Συνεδρίου Βιβλίο |
| Γλώσσα: | English |
| Δημοσίευση: |
Wageningen, Netherlands :
Wageningen Academic Publishers,
2004
|
| Θέματα: | |
| Ετικέτες: |
Προσθήκη ετικέτας
Δεν υπάρχουν, Καταχωρήστε ετικέτα πρώτοι!
|
MARC
| LEADER | 00000nam a2200000 i 4500 | ||
|---|---|---|---|
| 001 | 1/92898 | ||
| 008 | 080901s2004 eng d | ||
| 020 | |a 9-07-699840-X (pbk.) | ||
| 035 | |l 10099797 | ||
| 040 | |a GR-MY-UA |b gre |e aacr | ||
| 041 | 0 | |a eng | |
| 082 | 0 | |a 338.19 |2 (22) | |
| 245 | 1 | 0 | |a Dynamics in chains and networks : |b proceedings of the sixth International Conference on Chain and Network Management in Agribusiness and the Food Industry (Ede, 27-28 May 2004) / |c J.H. Bremmers ... [κ.ά], (editors) |
| 260 | |a Wageningen, Netherlands : |b Wageningen Academic Publishers, |c 2004 | ||
| 300 | |a 630 σ.; |b εικ., πίν., διαγρ.; |c 24 εκ. | ||
| 500 | |a Οργανώθηκε απο Wageningen University Management Studies Group | ||
| 504 | |a Περιέχει βιβλιογραφικές παραπομπές και ευρετήρια | ||
| 650 | 0 | 0 | |a Food industry and trade |x Management |x Congresses. |
| 650 | 0 | 0 | |a Agricultural industries |x Management |x Congresses. |
| 650 | 0 | 0 | |a Agriculture |x Economic aspects |x Congresses. |
| 700 | 1 | |a Bremmers, H. J. |q (Harry J.) |4 edt | |
| 710 | 2 | |a Wageningen Universiteit |b Management Studies Group. | |
| 711 | 2 | |a International Conference on Chain and Network Management in Agribusiness and the Food Industry |n (6th : |d 2004 : |c Ede, Netherlands) | |
| 852 | |a INST |b LESVOS |e 20080901 |h 338.19 DYN |p 005100042079 |q 005100042079 |t BK |y 0 | ||
| 901 | |a BIBL1-2008-3 | ||
| 909 | |a Λ |b 152744 | ||
| 922 | |a 1ΕΛΗ |b 200803 |c ΕΠΕΑΕΚ2/ΤΓ |d ΕΛΕΥΘΕΡΟΥΔΑΚΗΣ | ||
| 970 | |a ΓΙΑΛΑΜΑ |b ΜΑΡΙΑ |z 2008/09/01 | ||